[Event "Nikaia op 14th"]
[Site "Nikaia"]
[Date "2006.08.??"]
[Round "3"]
[White "Karagiannis, Athanasios"]
[Black "Ponirakis, Dimitrios"]
[Result "1-0"]
[WhiteElo "2380"]
[BlackElo "2026"]
[PlyCount "103"]
[EventDate "2006.08.??"]
[EventType "swiss"]
[EventRounds "9"]
[EventCountry "GRE"]
[SourceTitle "EXT 2008"]
[Source "ChessBase"]
[SourceDate "2007.11.25"]
[SourceVersion "1"]
[SourceVersionDate "2007.11.25"]
[SourceQuality "1"]

1. d4 d5 2. c4 e6 3. Nf3 c6 4. Nbd2 Nf6 5. e3 Nbd7 6. Bd3 Bd6 7. 0-0 0-0 8. e4 dxe4 9. Nxe4 Nxe4 10. Bxe4 h6 11. Bc2 e5 12. Be3 Re8 13. dxe5 Nxe5 14. h3 Qf6 15. Nd2 Bf5 16. Bxf5 Qxf5 17. Qb3 b5 18. cxb5 cxb5 19. Rad1 a6 20. Qd5 Qe6 21. Ne4 Bf8 22. Qxe6 Rxe6 23. Ng3 Nc4 24. Bc1 Rae8 25. b3 Nd6 26. Be3 Ne4 27. Nxe4 Rxe4 28. Rd7 Be7 29. Ra7 Re6 30. Rd1 Bb4 31. g4 Be7 32. Rdd7 Kf8 33. b4 Kg8 34. Kg2 Bxb4 35. Rxf7 Be7 36. Rf5 Bf6 37. Rd5 R8e7 38. Rd8+ Kh7 39. Raa8 g5 40. Rd5 Rf7 41. Rd3 Rc7 42. Ra3 Rcc6 43. Rd3 Red6 44. Rxd6 Rxd6 45. f4 gxf4 46. Bxf4 Rc6 47. Kf3 Rc3+ 48. Ke4 Ra3 49. Kf5 Ba1 50. Ra7+ Kg8 51. Kg6 Kf8 52. Bd6+ 1-0